LDR 01208naa#a2200169#i#450# 001 RU\\bibl\126789 005 20260701220725.3 011 ## _a1815-588X 100 ## _a20260630b2026####ek#y0rusy0150####ca 102 ## _aRU 200 1# _aРазработка архитектуры единой цифровой платформы интеграции телематических данных автономных рефрижераторных вагонов с корпоративными системами ОАО «РЖД» на основе технологий промышленного интернета вещей и блокчейна _eЖурнальная статья 210 1# _aСанкт-Петербург _cФГБОУ ВО "Петербургский государственный университет путей сообщения Императора Александра I" _d2026 215 ## _a12 с. 608 ## _aЖурнальная статья _2local 675 ## _aДругие вспомогательные системы, являющиеся частью подвижного состава. 629.4.069 _z 700 #1 _aШевченко _gАлексей Владимирович 856 4# _aatjournal.ru _u